Tilastot visalle S:llä alkavat valtiot

Klikkaa tästä pelataksesi tätä visaa!

Yleistilastot

  • Tätä visaa on pelattu 2 407 kertaa
  • Keskiarvotulos 17 / 25

Vastaustilastot

Valtio% Oikein
Suomi
94%
Saksa
85%
Somalia
80%
Serbia
80%
Sambia
78%
Sudan
78%
Senegal
75%
Slovenia
74%
Slovakia
74%
Sveitsi
72%
Syyria
71%
San Marino
70%
Suriname
67%
Samoa
66%
Saudi-Arabia
63%
Singapore
62%
Sri Lanka
61%
Swazimaa
59%
Seychellit
59%
Salomonsaaret
59%
Saint Lucia
58%
Saint Kitts ja Nevis
55%
Saint Vincent ja Grenadiinit
54%
Sierra Leone
52%
São Tomé ja Príncipe
51%

Tulosjakauma

Persentiili vastausten määrän mukaan

Jokaisen tuloksen saaneiden osuus

Tuloshistoriasi

Et ole pelannut tätä visaa